header

Crisis in employment (Record no. 131178)

MARC details
000 -LEADER
fixed length control field 01941nam a2200397 a 4500
082 04 - DEWEY DECIMAL CLASSIFICATION NUMBER
Classification number 025.5086/9410973
100 1# - MAIN ENTRY--AUTHOR NAME
Personal name Jerrard, Jane,
245 10 - TITLE STATEMENT
Title Crisis in employment
260 ## - PUBLICATION, DISTRIBUTION, ETC. (IMPRINT)
Place of publication Chicago :
Name of publisher American Library Association,
Year of publication 2009.
300 ## - PHYSICAL DESCRIPTION
Number of Pages vii, 66 p. :
Other physical details ill., forms.
500 ## - GENERAL NOTE
General note "ALA Editions special reports."
505 0# - FORMATTED CONTENTS NOTE
Formatted contents note The employment crisis hits the public library -- An operations manual for getting started -- How-tos for providing hands-on help -- Resources and reference : think beyond the bookshelves -- Partnerships : you'll never work alone -- Best practices : what libraries are doing right.
650 #0 - SUBJECT ADDED ENTRY--TOPICAL TERM
Topical Term Libraries and the unemployed
Topical Term Vocational guidance
Topical Term Job vacancies
Topical Term Libraries and community
Topical Term Public libraries
856 40 - ELECTRONIC LOCATION AND ACCESS
Uniform Resource Identifier http://site.ebrary.com/lib/rucke/Doc?id=10469315

No items available.

© 2026 Rongo University
Contact us: librarian | system librarian | Rongo university